[Event "Styrian op U14/18 28th"]
[Site "Mureck"]
[Date "2022.08.09"]
[Round "7"]
[White "Poetscher, Katharina"]
[Black "Bakalarz, Adrian"]
[Result "0-1"]
[WhiteElo "1097"]
[BlackElo "1473"]
[PlyCount "40"]
[EventDate "2022.08.03"]
[EventType "swiss"]
[EventRounds "9"]
[EventCountry "AUT"]
[SourceTitle "EXT 2023"]
[Source "ChessBase"]
[SourceDate "2022.10.05"]
[SourceVersion "1"]
[SourceVersionDate "2022.10.05"]
[SourceQuality "1"]

1. e4 d5 2. exd5 Nf6 3. d4 Bg4 4. Be2 Bxe2 5. Nxe2 Qxd5 6. 0-0 Nc6 7. Nbc3 Qa5 8. a3 e6 9. b4 Bxb4 10. Bd2 Bd6 11. Ne4 Bxh2+ 12. Kh1 Qh5 13. Nxf6+ gxf6 14. g3 Bxg3+ 15. Kg2 Bd6 16. Rb1 Nxd4 17. Nxd4 Rg8+ 18. Bg5 Rxg5+ 19. Qg4 Qxg4+ 20. Kh1 Qg2# 0-1

[Event "Styrian op U14/18 28th"]
[Site "Mureck"]
[Date "2022.08.06"]
[Round "4"]
[White "Bakalarz, Adrian"]
[Black "Schwarz, Rene"]
[Result "1-0"]
[WhiteElo "1473"]
[BlackElo "1373"]
[PlyCount "63"]
[EventDate "2022.08.03"]
[EventType "swiss"]
[EventRounds "9"]
[EventCountry "AUT"]
[SourceTitle "EXT 2023"]
[Source "ChessBase"]
[SourceDate "2022.10.05"]
[SourceVersion "1"]
[SourceVersionDate "2022.10.05"]
[SourceQuality "1"]

1. e4 c5 2. d4 cxd4 3. c3 dxc3 4. Nxc3 Nc6 5. Nf3 e6 6. Bf4 d6 7. Bc4 Nf6 8. Qe2 Be7 9. 0-0 0-0 10. Rfd1 Qc7 11. Nb5 Qb8 12. Bxd6 Bxd6 13. Nxd6 a6 14. a4 e5 15. h3 Rd8 16. Nxf7 Rxd1+ 17. Rxd1 Kf8 18. Qe3 Qc7 19. Nd6 Rb8 20. Qa3 Qe7 21. Qc3 Nd4 22. Nxe5 Qxe5 23. Qxd4 Qe7 24. e5 Be6 25. exf6 gxf6 26. Bxe6 Qxe6 27. Qe4 Qd7 28. Rd4 Rd8 29. Nf5 Qc7 30. Rxd8+ Qxd8 31. Qb4+ Kg8 32. Qe7 1-0

[Event "Styrian op U14/18 27th"]
[Site "Mureck"]
[Date "2021.08.12"]
[Round "9"]
[White "Sohn, Benedikt"]
[Black "Bakalarz, Adrian"]
[Result "1/2-1/2"]
[WhiteElo "1486"]
[BlackElo "1543"]
[PlyCount "60"]
[EventDate "2021.08.04"]
[EventType "swiss"]
[EventRounds "9"]
[EventCountry "AUT"]
[SourceTitle "EXT 2022"]
[Source "ChessBase"]
[SourceDate "2021.10.06"]
[SourceVersion "1"]
[SourceVersionDate "2021.10.06"]
[SourceQuality "1"]

1. d4 d5 2. c4 Bf5 3. Nf3 e6 4. g3 h6 5. Bg2 Nf6 6. 0-0 c6 7. Nc3 Be7 8. Nd2 Nbd7 9. e4 dxe4 10. Ndxe4 Nxe4 11. Nxe4 Nf6 12. Nc3 0-0 13. Be3 Qb6 14. Qe2 Rad8 15. h3 Rd7 16. Rfd1 Rfd8 17. d5 Qa6 18. dxc6 bxc6 19. Rxd7 Rxd7 20. Rd1 Rxd1+ 21. Qxd1 Qxc4 22. g4 Be4 23. Nxe4 Nxe4 24. Qd7 Bg5 25. Qxa7 Bxe3 26. Qxe3 Nf6 27. Qc3 Qxa2 28. Bxc6 Nd5 29. Bxd5 exd5 30. Qc8+ Kh7 1/2-1/2

[Event "Styrian op U14/18 27th"]
[Site "Mureck"]
[Date "2021.08.08"]
[Round "5"]
[White "Weichhart, Daniel"]
[Black "Bakalarz, Adrian"]
[Result "0-1"]
[WhiteElo "1770"]
[BlackElo "1543"]
[PlyCount "44"]
[EventDate "2021.08.04"]
[EventType "swiss"]
[EventRounds "9"]
[EventCountry "AUT"]
[SourceTitle "EXT 2022"]
[Source "ChessBase"]
[SourceDate "2021.10.06"]
[SourceVersion "1"]
[SourceVersionDate "2021.10.06"]
[SourceQuality "1"]

1. c4 d5 2. cxd5 c6 3. dxc6 Nxc6 4. e3 e5 5. Nc3 Nf6 6. d3 Bc5 7. Be2 0-0 8. Nf3 Qe7 9. a3 Rd8 10. Qc2 Bf5 11. 0-0 Rac8 12. Rd1 Bb6 13. Qa4 Rd7 14. h3 Rcd8 15. e4 Be6 16. b4 Rc8 17. Bb2 Nd4 18. Nxd4 Bxd4 19. Rdc1 Rdc7 20. Nd1 Bxb2 21. Rxc7 Qxc7 22. Nxb2 Qc2 0-1

[Event "Styrian op U14/18 27th"]
[Site "Mureck"]
[Date "2021.08.05"]
[Round "2"]
[White "Bakalarz, Adrian"]
[Black "Sele, Timea"]
[Result "1/2-1/2"]
[WhiteElo "1543"]
[BlackElo "1300"]
[PlyCount "68"]
[EventDate "2021.08.04"]
[EventType "swiss"]
[EventRounds "9"]
[EventCountry "AUT"]
[SourceTitle "EXT 2022"]
[Source "ChessBase"]
[SourceDate "2021.10.06"]
[SourceVersion "1"]
[SourceVersionDate "2021.10.06"]
[SourceQuality "1"]

1. e4 e5 2. d4 exd4 3. Nf3 Nc6 4. Nxd4 Bc5 5. Nb3 Bb6 6. Nc3 a6 7. Nd5 Ba7 8. Qg4 g6 9. Bg5 f6 10. Bh4 d6 11. Qe2 Nd4 12. Nxd4 Bxd4 13. 0-0-0 Be5 14. f4 Bxf4+ 15. Nxf4 g5 16. Qh5+ Kd7 17. Bxg5 fxg5 18. Nd5 c6 19. Qf7+ Ne7 20. Nf6+ Kc7 21. Nxh7 Be6 22. Qxe6 Rxh7 23. Be2 Qd7 24. Qxd7+ Kxd7 25. Bg4+ Kc7 26. h3 Rf8 27. Rhf1 Rhf7 28. Be2 Ng6 29. Rxf7+ Rxf7 30. Bh5 Rf6 31. Bxg6 Rxg6 32. Rf1 Rg7 33. Kd2 Kd7 34. Ke3 Ke6 1/2-1/2

[Event "AUT-ch U14 Online Rapid"]
[Site "Playchess.com INT"]
[Date "2020.12.13"]
[Round "7"]
[White "Bakalarz, Adrian"]
[Black "Leitner, Thomas"]
[Result "0-1"]
[WhiteElo "1620"]
[BlackElo "1632"]
[PlyCount "160"]
[EventDate "2020.12.13"]
[EventType "swiss (rapid)"]
[EventRounds "7"]
[EventCountry "AUT"]
[SourceTitle "EXT 2022"]
[Source "ChessBase"]
[SourceDate "2021.10.06"]
[SourceVersion "1"]
[SourceVersionDate "2021.10.06"]
[SourceQuality "1"]

1. e4 c5 2. d4 cxd4 3. c3 dxc3 4. Nxc3 d6 5. Nf3 Nc6 6. Bc4 Bg4 7. 0-0 Nf6 8. e5 dxe5 9. Qxd8+ Rxd8 10. Bg5 e6 11. Nb5 Bd6 12. Rad1 Ke7 13. Nxd6 Rxd6 14. Rxd6 Kxd6 15. Rd1+ Ke7 16. Bb5 e4 17. Bxc6 bxc6 18. h3 exf3 19. hxg4 fxg2 20. Kxg2 h6 21. Bxf6+ gxf6 22. f4 Rg8 23. Kf3 f5 24. gxf5 exf5 25. Re1+ Kf6 26. Rd1 Re8 27. Rd6+ Re6 28. Rd7 a5 29. Ra7 Rd6 30. Rxa5 Rd3+ 31. Ke2 Rd4 32. Ke3 Re4+ 33. Kf3 h5 34. Ra6 Re6 35. a4 h4 36. Ra8 Rd6 37. Ke3 Rd7 38. a5 h3 39. Rh8 Re7+ 40. Kf3 Rb7 41. Rxh3 Rb3+ 42. Kg2 Rxb2+ 43. Kf3 Rb3+ 44. Kg2 Rb2+ 45. Kf3 Ra2 46. Rh6+ Ke7 47. Rxc6 Rxa5 48. Kg3 f6 49. Kh4 Ra8 50. Kg3 Kf7 51. Rb6 Kg6 52. Rb7 Ra3+ 53. Kh4 Rf3 54. Rb4 Re3 55. Rb1 Re4 56. Kg3 Rd4 57. Rb3 Kh5 58. Kf3 Rd6 59. Rc3 Ra6 60. Rb3 Kh4 61. Rc3 Ra1 62. Rb3 Rf1+ 63. Ke3 Kg4 64. Rb4 Rf3+ 65. Ke2 Rxf4 66. Rxf4+ Kxf4 67. Kf2 Ke4 68. Ke2 f4 69. Kf2 f3 70. Kf1 Ke3 71. Ke1 f2+ 72. Kf1 f5 73. Kg2 Ke2 74. Kg3 f1Q 75. Kh4 Qg2 76. Kh5 f4 77. Kh6 f3 78. Kh7 f2 79. Kh8 f1Q 80. Kh7 Qfh1# 0-1

[Event "Steyr Landesliga 1819"]
[Site "Austria"]
[Date "2018.10.06"]
[Round "1.8"]
[White "Holzmeister, Nico"]
[Black "Bakalarz, Adrian"]
[Result "0-1"]
[WhiteElo "1166"]
[BlackElo "1231"]
[PlyCount "48"]
[EventDate "2018.10.06"]
[EventType "team-tourn"]
[EventRounds "11"]
[EventCountry "AUT"]
[SourceTitle "CBM 187 Extra"]
[Source "ChessBase"]
[SourceDate "2018.11.04"]
[SourceVersion "1"]
[SourceVersionDate "2018.11.04"]
[SourceQuality "1"]
[WhiteTeam "Gratwein Strassengel"]
[BlackTeam "Gamlitz"]
[WhiteTeamCountry "AUT"]
[BlackTeamCountry "AUT"]

1. e4 d5 2. d3 dxe4 3. dxe4 Qxd1+ 4. Kxd1 e5 5. Nf3 Bd6 6. Bd3 Nc6 7. Nc3 Bg4 8. h3 Bxf3+ 9. gxf3 Nd4 10. Rg1 g6 11. Rg3 f5 12. h4 f4 13. Rh3 0-0-0 14. Ne2 Bc5 15. Nxd4 Bxd4 16. Ke2 Nf6 17. c3 Bxf2 18. Kxf2 Rxd3 19. Ke2 Rhd8 20. Rh1 Nh5 21. Rg1 Ng3+ 22. Kf2 Rd1 23. Rxd1 Rxd1 24. b3 h6 0-1

[Event "Styrian op U08/12 25th"]
[Site "Mureck"]
[Date "2018.08.05"]
[Round "5"]
[White "Curic, Enej"]
[Black "Bakalarz, Adrian"]
[Result "0-1"]
[WhiteElo "1091"]
[BlackElo "1270"]
[PlyCount "88"]
[EventDate "2018.08.01"]
[EventType "swiss"]
[EventRounds "9"]
[EventCountry "AUT"]
[SourceTitle "CBM 186 Extra"]
[Source "ChessBase"]
[SourceDate "2018.08.24"]
[SourceVersion "1"]
[SourceVersionDate "2018.08.24"]
[SourceQuality "1"]

1. e4 e5 2. Nc3 Nf6 3. Bc4 Bc5 4. d3 Nc6 5. f4 exf4 6. Bxf4 d6 7. Nf3 Ng4 8. Bg3 Ne3 9. Qd2 Nxc4 10. dxc4 Be6 11. Na4 Bxc4 12. Nxc5 dxc5 13. Qc3 Ba6 14. Qxg7 Rf8 15. Bh4 f6 16. Qxh7 Rf7 17. Qg8+ Rf8 18. Qg6+ Rf7 19. g4 Qd6 20. g5 Qf4 21. Qg8+ Rf8 22. Qe6+ Kd8 23. Qb3 Qxe4+ 24. Kd1 Be2+ 25. Kc1 Bxf3 26. Re1 Qxh4 27. Qd3+ Nd4 28. Qe3 Qe4 29. Qxe4 Bxe4 30. Rxe4 fxg5 31. Kd2 b6 32. Rd1 Kc8 33. c3 Nf3+ 34. Ke3 Nxh2 35. Ke2 g4 36. Rh1 g3 37. Rg1 Rf2+ 38. Ke1 Nf3+ 39. Kd1 Nxg1 40. Rg4 g2 41. Ke1 Nh3 42. Rg8+ Kb7 43. Rxa8 Kxa8 44. Kd1 g1R# 0-1

[Event "GER-ch U25-C"]
[Site "Willingen"]
[Date "2018.05.23"]
[Round "5"]
[White "Torosyan, Bagrat"]
[Black "Bakalarz, Adrian"]
[Result "0-1"]
[WhiteElo "1170"]
[BlackElo "1290"]
[PlyCount "44"]
[EventDate "2018.05.19"]
[EventType "swiss"]
[EventRounds "9"]
[EventCountry "GER"]
[SourceTitle "CBM 184 Extra"]
[Source "ChessBase"]
[SourceDate "2018.06.28"]
[SourceVersion "1"]
[SourceVersionDate "2018.06.28"]
[SourceQuality "1"]

1. e4 e5 2. Nf3 Nf6 3. Nxe5 d6 4. Nf3 Nxe4 5. Nc3 Nxc3 6. bxc3 Be7 7. Be2 0-0 8. 0-0 Nc6 9. d4 d5 10. Bf4 Bf5 11. h3 Qd7 12. Bd3 Be4 13. Qe2 Qf5 14. Bh2 Bxf3 15. Bxf5 Bxe2 16. Rfe1 Bc4 17. Bd7 Bd6 18. Bxd6 cxd6 19. Rab1 Rab8 20. Rb2 Rfd8 21. Bf5 g6 22. Bd3 b5 0-1

[Event "GER-ch U25-C"]
[Site "Willingen"]
[Date "2018.05.22"]
[Round "4"]
[White "Kretschmer, Sven"]
[Black "Bakalarz, Adrian"]
[Result "1-0"]
[WhiteElo "1201"]
[BlackElo "1290"]
[PlyCount "93"]
[EventDate "2018.05.19"]
[EventType "swiss"]
[EventRounds "9"]
[EventCountry "GER"]
[SourceTitle "CBM 184 Extra"]
[Source "ChessBase"]
[SourceDate "2018.06.28"]
[SourceVersion "1"]
[SourceVersionDate "2018.06.28"]
[SourceQuality "1"]

1. e4 e5 2. Nf3 Nf6 3. Nc3 Nc6 4. Bc4 Nxe4 5. Nxe4 d5 6. Bxd5 Qxd5 7. d3 Bf5 8. Qe2 Bxe4 9. Qxe4 Qxe4+ 10. dxe4 Bc5 11. c3 0-0 12. 0-0 Rad8 13. b4 Bd6 14. Be3 a6 15. Rfd1 h6 16. Nh4 Ne7 17. a3 b6 18. c4 a5 19. c5 bxc5 20. bxc5 Bxc5 21. Bxc5 Rxd1+ 22. Rxd1 Re8 23. Bxe7 Rxe7 24. Rd8+ Kh7 25. Nf5 Re6 26. Rd7 Rc6 27. h3 Rc1+ 28. Kh2 f6 29. Nxg7 c5 30. Ne8+ Kg8 31. Nxf6+ Kf8 32. Ng4 c4 33. Nxe5 c3 34. Rc7 Ke8 35. Rc6 c2 36. f4 Ke7 37. f5 h5 38. f6+ Kf8 39. f7 Ke7 40. Rc7+ Kd8 41. f8Q+ Kxc7 42. Qc5+ Kd8 43. Qd6+ Kc8 44. Qc6+ Kb8 45. Nd7+ Ka7 46. Qb6+ Ka8 47. Qb8# 1-0

[Event "Liptovsky Mikulas V4 U11 op"]
[Site "Liptovsky Mikulas"]
[Date "2016.06.24"]
[Round "4"]
[White "Bakalarz, Adrian"]
[Black "Gulas, Gabriel"]
[Result "0-1"]
[WhiteElo "1000"]
[BlackElo "1402"]
[PlyCount "70"]
[EventDate "2016.06.23"]
[EventType "swiss"]
[EventRounds "9"]
[EventCountry "SVK"]
[SourceTitle "CBM 173 Extra"]
[Source "ChessBase"]
[SourceDate "2016.08.29"]
[SourceVersion "1"]
[SourceVersionDate "2016.08.29"]
[SourceQuality "1"]

1. e4 c5 2. d4 cxd4 3. c3 dxc3 4. Nxc3 Nc6 5. Nf3 d6 6. Bc4 g6 7. Bf4 Bg7 8. h3 Nf6 9. 0-0 0-0 10. Qe2 Bd7 11. Rad1 Qc8 12. Rd2 Na5 13. Bb3 Nxb3 14. axb3 Bxh3 15. gxh3 Qxh3 16. Ng5 Qh4 17. Qf3 h6 18. Nh3 g5 19. Qg3 Qh5 20. Be3 e5 21. Rxd6 g4 22. Kg2 gxh3+ 23. Qxh3 Qg6+ 24. Kh2 Ng4+ 25. Kh1 Qxd6 26. Qxg4 Kh7 27. Qf5+ Qg6 28. Qxg6+ fxg6 29. Kg2 g5 30. Kg3 Kg6 31. Kg4 h5+ 32. Kg3 g4 33. Rh1 Rf3+ 34. Kh4 Bf6+ 35. Bg5 Bxg5# 0-1